Nominations of: Roger W. Ferguson, Jr., Angela M. Antonelli, Ronald A. Rosenfeld, Jennifer L. Dorn, and Donald E. Powell : hearings before the Committee on Banking, Housing, and Urban Affairs, United States Senate, One Hundred Seventh Congress, first session on nominations of Roger W. Ferguson, Jr. of Massachusetts, to be a member of the Board of Governors of the Federal Reserve System ; Angela M. Antonelli, of Virginia, to be Chief Financial Officer, U.S. Department of Housing and Urban Development ; Ronald A. Rosenfeld, of Oklahoma, to be President, Government National Mortgage Association (Ginnie Mae), U.S. Department of Housing and Urban Development ; Jennifer L. Dorn, of Nebraska, to be Federal Transit Administrator, U.S. Department of Transportation ; Donald E. Powell, of Texas, to be member and chairman of the Board of Directors of the Federal Deposit Insurance Corporation, June 13, 21, and 26, 2001.

Bibliographic Details
Corporate Author: United States. Congress. Senate. Committee on Banking, Housing, and Urban Affairs (Author)
Format: Government Document eBook
Language:English
Published: Washington : U.S. Government Printing Office, 2002.
Series:S. hrg. ; 107-441
Subjects:
Online Access:PDF version
Text version

MARC

Tag First Indicator Second Indicator Subfields
LEADER 00000nam a2200000 i 4500
001 in00004652829
006 m o d f
007 cr |||||||||||
008 230223s2002 dcua ob f000 0 eng c
005 20230328154840.7
035 |a (OCoLC)on1371059084 
040 |a GPO  |b eng  |e rda  |e pn  |c GPO  |d GPO  |d MvI 
042 |a pcc 
043 |a n-us--- 
049 |a WWW 
074 |a 1035-E (online) 
086 0 |a Y 4.B 22/3:S.HRG.107-441 
110 1 |a United States.  |b Congress.  |b Senate.  |b Committee on Banking, Housing, and Urban Affairs,  |e author. 
245 1 0 |a Nominations of: Roger W. Ferguson, Jr., Angela M. Antonelli, Ronald A. Rosenfeld, Jennifer L. Dorn, and Donald E. Powell :  |b hearings before the Committee on Banking, Housing, and Urban Affairs, United States Senate, One Hundred Seventh Congress, first session on nominations of Roger W. Ferguson, Jr. of Massachusetts, to be a member of the Board of Governors of the Federal Reserve System ; Angela M. Antonelli, of Virginia, to be Chief Financial Officer, U.S. Department of Housing and Urban Development ; Ronald A. Rosenfeld, of Oklahoma, to be President, Government National Mortgage Association (Ginnie Mae), U.S. Department of Housing and Urban Development ; Jennifer L. Dorn, of Nebraska, to be Federal Transit Administrator, U.S. Department of Transportation ; Donald E. Powell, of Texas, to be member and chairman of the Board of Directors of the Federal Deposit Insurance Corporation, June 13, 21, and 26, 2001. 
264 1 |a Washington :  |b U.S. Government Printing Office,  |c 2002. 
300 |a iv, 162 pages :  |b illustrations ;  |c 24 cm. 
336 |a text  |b txt  |2 rdacontent 
337 |a computer  |b c  |2 rdamedia 
338 |a online resource  |b cr  |2 rdacarrier 
490 1 |a S. hrg. ;  |v 107-441 
504 |a Includes bibliographical references. 
500 |a GPO Cataloging Record Distribution Program (CRDP). 
600 1 0 |a Ferguson, Roger Walton,  |d 1951- 
610 2 0 |a Board of Governors of the Federal Reserve System (U.S.)  |x Officials and employees  |x Selection and appointment. 
610 1 0 |a United States.  |b Department of Housing and Urban Development  |x Officials and employees  |x Selection and appointment. 
610 2 0 |a Government National Mortgage Association  |x Officials and employees  |x Selection and appointment. 
610 1 0 |a United States.  |b Federal Transit Administration  |x Officials and employees  |x Selection and appointment. 
610 2 0 |a Federal Deposit Insurance Corporation  |x Officials and employees  |x Selection and appointment. 
650 7 |a Government Operations and Politics.  |2 cgpa 
655 7 |a Legislative hearings.  |2 lcgft 
776 0 8 |i Print version:  |a United States. Congress. Senate. Committee on Banking, Housing, and Urban Affairs.  |t Nominations of: Roger W. Ferguson, Jr., Angela M. Antonelli, Ronald A. Rosenfeld, Jennifer L. Dorn, and Donald E. Powell  |w (OCoLC)50173304 
776 0 8 |i Microfiche version:  |a United States. Congress. Senate. Committee on Banking, Housing, and Urban Affairs.  |t Nominations of: Roger W. Ferguson, Jr., Angela M. Antonelli, Ronald A. Rosenfeld, Jennifer L. Dorn, and Donald E. Powell  |w (OCoLC)50994353 
810 1 |a United States.  |b Congress.  |b Senate.  |t S. hrg. ;  |v 107-441. 
856 4 1 |3 PDF version  |u https://purl.fdlp.gov/GPO/LPS20812  |t 0 
856 4 1 |3 Text version  |u https://purl.fdlp.gov/GPO/LPS20811  |t 0 
999 f f |s b4268b7f-6c74-4cc2-8224-fe0affa5559f  |i 088b935a-63aa-4f5a-9e89-073f3233bf0a  |t 0 
952 f f |a Texas A&M University  |b College Station  |c Electronic Resources  |d Available Online  |t 0  |e Y 4.B 22/3:S.HRG.107-441  |h Superintendent of Documents classification 
998 f f |a Y 4.B 22/3:S.HRG.107-441  |t 0  |l Available Online